Руководство по расчету точности геодезических работ в промышленном строительстве: (Геодезические сети, разбивочные работы)

Библиографические подробности
Автор-организация: Главное управление геодезии и катографии при Совете Министров СССР
Язык:русский
Опубликовано: Москва, Недра, 1979
Серии:Геодезические и картографические инструкции, нормы и правила
Предметы:
Формат: Книга
Запись в KOHA:https://koha.lib.tpu.ru/cgi-bin/koha/opac-detail.pl?biblionumber=99097

MARC

LEADER 00000nam0a2200000 4500
001 99097
005 20231031111545.0
020 |a RU  |b 79-82629 
035 |a (RuTPU)RU\TPU\book\106272 
090 |a 99097 
100 |a 20060627d1979 m a0rusy5003 ca 
101 0 |a rus 
102 |a RU 
105 |a a z 000zy 
200 1 |a Руководство по расчету точности геодезических работ в промышленном строительстве  |e (Геодезические сети, разбивочные работы)  |f Главное управление геодезии и катографии при Совете Министров СССР 
210 |a Москва  |c Недра  |d 1979 
215 |a 55 с.  |c ил 
225 1 |a Геодезические и картографические инструкции, нормы и правила 
320 |a Библиогр.: с. 51-54 (58 назв.). 
610 1 |a геодезические сети 
610 1 |a разбивочные работы 
610 1 |a геодезические приборы 
610 1 |a руководства 
675 |a 528.48.088.3  |z rus 
712 0 2 |a Главное управление геодезии и катографии при Совете Министров СССР 
801 0 |a RU  |b RuMRKP  |c 19950704  |g psbo 
801 1 |a RU  |b 63413507  |c 20060627  |g PSBO 
801 2 |a RU  |b 63413507  |c 20130924  |g PSBO 
942 |c BK